Technology and international affairs

保存先:
書誌詳細
第一著者: Szyliowicz, Joseph S.
フォーマット: 図書
言語:Undetermined
出版事項: London Praeger 1981
主題:
タグ: タグ追加
タグなし, このレコードへの初めてのタグを付けませんか!
Thư viện lưu trữ: Trung tâm Học liệu Trường Đại học Cần Thơ
LEADER 00500nam a2200181Ia 4500
001 CTU_106899
008 210402s9999 xx 000 0 und d
082 |a 303.483 
082 |b S999 
100 |a Szyliowicz, Joseph S. 
245 0 |a Technology and international affairs 
245 0 |c Joseph S. Szyliowicz 
260 |a London 
260 |b Praeger 
260 |c 1981 
650 |a Technology and international affairs 
904 |i Truc 
980 |a Trung tâm Học liệu Trường Đại học Cần Thơ